书目信息 |
| 题名: |
研究生综合英语
|
|
| 作者: | 谢晓燕 , 黄莺 , 雍毅 主编 | |
| 分册: | 一 | |
| 出版信息: | 上海 复旦大学出版社 2006.01 |
|
| 页数: | 247页 | |
| 开本: | 24cm | |
| 丛书名: | ||
| 单 册: | ||
| 中图分类: | H31 | |
| 科图分类: | ||
| 主题词: | 英语--ying yu--研究生教育--教学参考资料 | |
| 电子资源: | ||
| ISBN: | 7-309-04284-0 | |
| 000 | 00951nam0 2200265 450 | |
| 001 | 012006142562 | |
| 005 | 20060919100214.26 | |
| 010 | @a7-309-04284-0@dCNY25.00 | |
| 100 | @a20060617d2006 km y0chiy0120 ea | |
| 101 | 0 | @achi@aeng |
| 102 | @aCN@b310000 | |
| 105 | @ay z 000yy | |
| 200 | 1 | @a研究生综合英语@Ayan jiu sheng zong he ying yu@e教师用书@h一@f雍毅, 谢晓燕, 黄莺主编@Fyong yi,xie xiao yan,huang ying zhu bian |
| 210 | @a上海@c复旦大学出版社@d2006.01 | |
| 215 | @a247页@d24cm | |
| 300 | @a21世纪研究生英语系列教材 | |
| 330 | @a本册内容包括《研究生综合英语》第一册课文的教案、练习答案以及参考译文等。各单元的教案分成课文和补充阅读两部分。 | |
| 517 | 1 | @a教师用书@Ajiao shi yong shu |
| 606 | 0 | @a英语@Aying yu@x研究生教育@j教学参考资料 |
| 690 | @aH31@v4 | |
| 701 | 0 | @a谢晓燕@Axie xiao yan@4主编 |
| 701 | 0 | @a黄莺@Ahuang ying@4主编 |
| 701 | 0 | @a雍毅@Ayong yi@4主编 |
| 801 | 0 | @aCN@bQSSK@c20060919 |
| 905 | @a10447@dH31@eY648:1 | |
| 研究生综合英语:教师用书.一/雍毅, 谢晓燕, 黄莺主编.-上海:复旦大学出版社,2006.01 |
| 247页;24cm |
| 21世纪研究生英语系列教材 |
| ISBN 7-309-04284-0:CNY25.00 |
| 本册内容包括《研究生综合英语》第一册课文的教案、练习答案以及参考译文等。各单元的教案分成课文和补充阅读两部分。 |
| ● |
| 相关链接 |
|
|
|
正题名:研究生综合英语
索取号:H31/Y648:1
 
预约/预借
| 序号 | 登录号 | 条形码 | 馆藏地/架位号 | 状态 | 备注 |
| 1 | 588478 | 205884783 | 语言库209/209语言库 89排4列1层/ [索取号:H31/Y648:1] | 在馆 | |
| 2 | 588479 | 205884792 | 语言库209/209语言库 89排4列1层/ [索取号:H31/Y648:1] | 在馆 | |
| 3 | 588480 | 205884809 | 语言库209/209语言库 89排4列1层/ [索取号:H31/Y648:1] | 在馆 | |
| 4 | 588481 | 205884818 | 语言库209/209语言库 89排4列1层/ [索取号:H31/Y648:1] | 在馆 | |
| 5 | 588482 | 205884827 | 语言库209/209语言库 89排4列1层/ [索取号:H31/Y648:1] | 在馆 |